[Event "GER HS-139 email"]
[Site "GER email"]
[Date "2012.12.10"]
[Round "?"]
[White "Kraut, Rainer"]
[Black "Turowski, Peter Hinrich"]
[Result "1-0"]
[WhiteElo "1945"]
[BlackElo "1856"]
[PlyCount "81"]
[EventDate "2012.12.18"]
[EventType "tourn (corr)"]
[EventRounds "6"]
[EventCountry "GER"]
[SourceTitle "Corr 2015"]
[Source "ChessBase"]
[SourceDate "2015.07.17"]
[SourceVersion "1"]
[SourceVersionDate "2015.07.17"]
[SourceQuality "1"]

1. d4 d5 2. c4 e6 3. Nc3 Nf6 4. cxd5 exd5 5. Bg5 c6 6. e3 Be7 7. Bd3 h6 8. Bf4 0-0 9. Nf3 Nh5 10. Be5 Nd7 11. 0-0 Nxe5 12. Nxe5 Nf6 13. f4 Bd6 14. a3 Re8 15. h3 Be6 16. Rc1 c5 17. Qf3 a6 18. Bb1 Rc8 19. Kh1 Bb8 20. Rcd1 Qd6 21. g4 b5 22. Qg2 cxd4 23. exd4 Rxc3 24. bxc3 Ne4 25. a4 Nxc3 26. Qc2 Ne4 27. axb5 axb5 28. Qb3 b4 29. Kg2 Nc3 30. Rc1 Qe7 31. Rfe1 Bd6 32. Qc2 Ne4 33. Qc6 Rc8 34. Qa6 Rd8 35. f5 Bxe5 36. dxe5 Bxf5 37. gxf5 Qg5+ 38. Kh1 Nf2+ 39. Kh2 Qh4 40. Qf1 Ng4+ 41. Kg2 1-0

[Event "GER HS-139 email"]
[Site "GER email"]
[Date "2012.12.10"]
[Round "?"]
[White "Siebarth, Marco"]
[Black "Kraut, Rainer"]
[Result "1/2-1/2"]
[WhiteElo "1845"]
[BlackElo "1945"]
[PlyCount "29"]
[EventDate "2012.12.18"]
[EventType "tourn (corr)"]
[EventRounds "6"]
[EventCountry "GER"]
[SourceTitle "Corr 2015"]
[Source "ChessBase"]
[SourceDate "2015.07.17"]
[SourceVersion "1"]
[SourceVersionDate "2015.07.17"]
[SourceQuality "1"]

1. e4 e5 2. Nc3 Nf6 3. f4 d5 4. fxe5 Nxe4 5. Nf3 Be7 6. Qe2 Nxc3 7. dxc3 c5 8. Bf4 Nc6 9. 0-0-0 Be6 10. h4 h6 11. a3 Qa5 12. g3 0-0-0 13. Bh3 Kb8 14. Kb1 Ka8 15. Bxe6 1/2-1/2

[Event "GER HS-100 email"]
[Site "GER email"]
[Date "2011.04.10"]
[Round "?"]
[White "Eife, Gunter"]
[Black "Kraut, Rainer"]
[Result "1/2-1/2"]
[WhiteElo "1745"]
[BlackElo "1916"]
[PlyCount "51"]
[EventDate "2011.04.18"]
[EventType "tourn (corr)"]
[EventRounds "6"]
[EventCountry "GER"]
[SourceTitle "Corr 2015"]
[Source "ChessBase"]
[SourceDate "2015.07.17"]
[SourceVersion "1"]
[SourceVersionDate "2015.07.17"]
[SourceQuality "1"]
[WhiteTeam "Germany"]
[BlackTeam "Latvia"]
[WhiteTeamCountry "GER"]
[BlackTeamCountry "LAT"]

1. e4 e5 2. Nf3 Nc6 3. Bb5 Nf6 4. Nc3 Bb4 5. 0-0 0-0 6. d3 d6 7. Bg5 Bxc3 8. bxc3 Qe7 9. Re1 Nd8 10. d4 Ne6 11. Bc1 c5 12. Bf1 Rd8 13. g3 Qc7 14. d5 Nf8 15. Qd3 h6 16. a4 Bd7 17. Nd2 Ng6 18. Nc4 b6 19. Bb2 Rdb8 20. Ne3 a6 21. c4 Rb7 22. Bg2 Re8 23. Qd2 Rbb8 24. Red1 Rb7 25. f3 a5 26. Qe2 1/2-1/2

[Event "GER HS-100 email"]
[Site "GER email"]
[Date "2011.04.10"]
[Round "?"]
[White "Kraut, Rainer"]
[Black "Kern, Manfred"]
[Result "1/2-1/2"]
[WhiteElo "1916"]
[BlackElo "1879"]
[PlyCount "67"]
[EventDate "2011.04.18"]
[EventType "tourn (corr)"]
[EventRounds "6"]
[EventCountry "GER"]
[SourceTitle "Corr 2015"]
[Source "ChessBase"]
[SourceDate "2015.07.17"]
[SourceVersion "1"]
[SourceVersionDate "2015.07.17"]
[SourceQuality "1"]
[WhiteTeam "Germany"]
[BlackTeam "Latvia"]
[WhiteTeamCountry "GER"]
[BlackTeamCountry "LAT"]

1. d4 Nf6 2. c4 e6 3. Nc3 Bb4 4. e3 0-0 5. Bd3 d5 6. Nf3 c5 7. 0-0 dxc4 8. Bxc4 Nbd7 9. Qe2 b6 10. d5 Bxc3 11. dxe6 Ba5 12. exd7 Qxd7 13. Rd1 Qg4 14. h3 Qh5 15. Bd2 Bxd2 16. Rxd2 h6 17. Rad1 Bb7 18. Rd6 Rae8 19. Nh2 Qxe2 20. Bxe2 Bc8 21. Bc4 Re4 22. b3 Be6 23. Bxe6 Rxe6 24. Rxe6 fxe6 25. Ng4 Nxg4 26. hxg4 Rc8 27. Rd7 a5 28. Rd6 c4 29. bxc4 Rxc4 30. Rxe6 Rb4 31. a3 Kf7 32. Rc6 Rb1+ 33. Kh2 a4 34. Rc7+ 1/2-1/2

[Event "Bundesliga 9900"]
[Site "Germany"]
[Date "2000.04.09"]
[Round "15.4"]
[White "Heinemann, Thies"]
[Black "Kraut, Rainer"]
[Result "1-0"]
[WhiteElo "2489"]
[BlackElo "2453"]
[PlyCount "95"]
[EventDate "1999.10.09"]
[EventType "team-tourn"]
[EventRounds "15"]
[EventCountry "GER"]
[SourceTitle "CBM 076"]
[Source "ChessBase"]
[SourceDate "2000.05.31"]
[SourceVersion "1"]
[SourceVersionDate "2000.05.31"]
[SourceQuality "1"]
[WhiteTeam "Hamburger SK"]
[BlackTeam "Duisburg"]
[WhiteTeamCountry "GER"]
[BlackTeamCountry "GER"]

1. e4 c5 2. Nf3 d6 3. d4 cxd4 4. Nxd4 Nf6 5. Nc3 Nc6 6. Bg5 e6 7. Qd2 a6 8. 0-0-0 Bd7 9. f4 b5 10. Nxc6 Bxc6 11. Qe3 Be7 12. Bxf6 Bxf6 13. e5 Be7 14. exd6 Bxd6 15. Ne4 Bxe4 16. Qxe4 0-0 17. Bd3 g6 18. h4 Qf6 19. Rdf1 Rfd8 20. g4 Bf8 21. f5 Bg7 22. c3 exf5 23. gxf5 Qd6 24. Bc2 Rac8 25. fxg6 hxg6 26. h5 Rc4 27. Qf3 Bh6+ 28. Kb1 Rf4 29. Qg2 Qd2 30. Qg3 Rxf1+ 31. Rxf1 Qe2 32. Rh1 Rd2 33. hxg6 Rxc2 34. gxf7+ Kxf7 35. Qc7+ Ke8 36. Qc8+ Ke7 37. Qc5+ Kd8 38. Qd6+ Kc8 39. Qxa6+ Kc7 40. Qa7+ Kc8 41. Qc5+ Kd8 42. Qd5+ Ke7 43. Rxh6 Rxb2+ 44. Ka1 Rxa2+ 45. Qxa2 Qe1+ 46. Qb1 Qxc3+ 47. Qb2 Qa5+ 48. Kb1 1-0

[Event "Bundesliga 9900"]
[Site "Germany"]
[Date "2000.04.08"]
[Round "14.4"]
[White "Kraut, Rainer"]
[Black "Kalinitschew, Sergey"]
[Result "1/2-1/2"]
[WhiteElo "2453"]
[BlackElo "2524"]
[PlyCount "59"]
[EventDate "1999.10.09"]
[EventType "team-tourn"]
[EventRounds "15"]
[EventCountry "GER"]
[SourceTitle "CBM 076"]
[Source "ChessBase"]
[SourceDate "2000.05.31"]
[SourceVersion "1"]
[SourceVersionDate "2000.05.31"]
[SourceQuality "1"]
[WhiteTeam "Duisburg"]
[BlackTeam "Luebeck"]
[WhiteTeamCountry "GER"]
[BlackTeamCountry "GER"]

1. e4 c5 2. Nf3 Nc6 3. Bb5 e6 4. 0-0 Nge7 5. Re1 Ng6 6. c3 a6 7. Bf1 Nh4 8. Nxh4 Qxh4 9. d4 cxd4 10. cxd4 e5 11. d5 Nd4 12. Be3 Bc5 13. Nd2 0-0 14. Nf3 Nxf3+ 15. Qxf3 Bxe3 16. Qxe3 d6 17. Qb6 Qh6 18. Bd3 f5 19. exf5 Bxf5 20. Bxf5 Rxf5 21. Qxb7 Raf8 22. Re2 Qh4 23. Rf1 Qc4 24. Rd2 e4 25. Qb3 Qxb3 26. axb3 e3 27. Re2 Rxd5 28. fxe3 Rxf1+ 29. Kxf1 Rd3 30. Kf2 1/2-1/2

[Event "Bundesliga 9900"]
[Site "Germany"]
[Date "1999.11.07"]
[Round "4.4"]
[White "Kraut, Rainer"]
[Black "Seul, Georg"]
[Result "1-0"]
[WhiteElo "2453"]
[BlackElo "2445"]
[PlyCount "69"]
[EventDate "1999.10.09"]
[EventType "team-tourn"]
[EventRounds "15"]
[EventCountry "GER"]
[SourceTitle "EXT 2000"]
[Source "ChessBase"]
[SourceDate "1999.11.16"]
[SourceVersion "1"]
[SourceVersionDate "1999.11.16"]
[SourceQuality "1"]
[WhiteTeam "Duisburg"]
[BlackTeam "Castrop Rauxel"]
[WhiteTeamCountry "GER"]
[BlackTeamCountry "GER"]

1. e4 d6 2. d4 g6 3. Nc3 Bg7 4. Be3 c6 5. a4 Nf6 6. h3 0-0 7. Nf3 Nbd7 8. a5 e5 9. dxe5 dxe5 10. Qd6 Ne8 11. Qb4 Bf6 12. Bc4 Be7 13. Qb3 Nc5 14. Qa2 Qc7 15. 0-0 Ne6 16. Rfd1 N8g7 17. Rd2 Rd8 18. Rxd8+ Bxd8 19. b4 Bd7 20. Rd1 Be8 21. Qb2 Qb8 22. Ne2 Bc7 23. Nc1 f6 24. Bh6 Bf7 25. Bxg7 Kxg7 26. Rd7 Kg8 27. Re7 Qd8 28. Rxe6 Bxe6 29. Bxe6+ Kg7 30. Nd3 Qe7 31. Ba2 b6 32. a6 b5 33. Nc5 Bb6 34. Ne6+ Kh8 35. Nxe5 1-0

[Event "Bundesliga 9900"]
[Site "Germany"]
[Date "1999.10.09"]
[Round "1.5"]
[White "Lanka, Zigurds"]
[Black "Kraut, Rainer"]
[Result "1-0"]
[WhiteElo "2500"]
[BlackElo "2450"]
[PlyCount "59"]
[EventDate "1999.10.09"]
[EventType "team-tourn"]
[EventRounds "15"]
[EventCountry "GER"]
[SourceTitle "CBM 076"]
[Source "ChessBase"]
[SourceDate "2000.05.31"]
[SourceVersion "1"]
[SourceVersionDate "2000.05.31"]
[SourceQuality "1"]
[WhiteTeam "Dresden"]
[BlackTeam "Duisburg"]
[WhiteTeamCountry "GER"]
[BlackTeamCountry "GER"]

1. e4 c5 2. Nf3 d6 3. d4 cxd4 4. Nxd4 Nf6 5. Nc3 Nc6 6. Bg5 e6 7. Qd2 a6 8. 0-0-0 Bd7 9. f3 h6 10. Be3 Nxd4 11. Bxd4 e5 12. Be3 Be6 13. Kb1 Rc8 14. Be2 Be7 15. a3 Qa5 16. h4 Rxc3 17. Qxc3 Qxc3 18. bxc3 d5 19. exd5 Nxd5 20. Rd3 Bxa3 21. Rhd1 Nxe3 22. Rxe3 f6 23. f4 Bc5 24. Re4 Bf5 25. Rc4 b6 26. g4 Bd7 27. fxe5 Bb5 28. Re4 Bc6 29. Rf4 fxe5 30. Rf5 1-0

[Event "Bundesliga 9899"]
[Site "Germany"]
[Date "1999.04.18"]
[Round "15.4"]
[White "Straeter, Timo"]
[Black "Kraut, Rainer"]
[Result "1/2-1/2"]
[WhiteElo "2313"]
[BlackElo "2460"]
[PlyCount "121"]
[EventDate "1998.10.17"]
[EventType "team-tourn"]
[EventRounds "15"]
[EventCountry "GER"]
[SourceTitle "GER-chT"]
[Source "ChessBase"]
[SourceDate "1999.07.01"]
[SourceVersion "1"]
[SourceVersionDate "1999.07.01"]
[SourceQuality "1"]
[WhiteTeam "Wattenscheid"]
[BlackTeam "Duisburg"]
[WhiteTeamCountry "GER"]
[BlackTeamCountry "GER"]

1. d4 d5 2. Nf3 Nf6 3. e3 Bf5 4. c4 c6 5. Bd3 Bxd3 6. Qxd3 e6 7. 0-0 Be7 8. Nc3 0-0 9. e4 h6 10. Rd1 Nbd7 11. cxd5 exd5 12. e5 Ne8 13. Ne2 Nc7 14. Nf4 Re8 15. Be3 Nf8 16. Nh5 Qd7 17. h3 Nh7 18. Nh2 f5 19. Bxh6 gxh6 20. Qg3+ Bg5 21. h4 Ne6 22. hxg5 hxg5 23. Qh3 Qf7 24. g4 f4 25. Nf3 Ng7 26. Nxg7 Qxg7 27. Kg2 Nf8 28. Qh5 Re6 29. Rh1 Rg6 30. Rh2 Ne6 31. Rah1 Kf7 32. Kg1 Rg8 33. Qh3 Ke8 34. Qf1 Qd7 35. Qd3 Kd8 36. Qf5 Kc7 37. Rh6 Qe8 38. Rxg6 Qxg6 39. Rh7+ Kb6 40. Kg2 Qe8 41. Qd3 Qc8 42. Qb3+ Ka6 43. Qd3+ Kb6 44. Qf5 Rf8 45. Qc2 Rh8 46. Rxh8 Qxh8 47. Qg6 Qc8 48. Nxg5 Nxd4 49. e6 f3+ 50. Kh3 Qh8+ 51. Qh5 Qf6 52. Qf7 Qxg5 53. e7 Qc1 54. Kg3 Ne2+ 55. Kxf3 Qh1+ 56. Ke3 Qe4+ 57. Kd2 Nf4 58. e8Q Qd3+ 59. Kc1 Qf1+ 60. Kc2 Qd3+ 61. Kc1 1/2-1/2

[Event "Bundesliga 9899"]
[Site "Germany"]
[Date "1999.03.20"]
[Round "12.6"]
[White "Kraut, Rainer"]
[Black "Naumann, Alexander"]
[Result "1/2-1/2"]
[WhiteElo "2460"]
[BlackElo "2480"]
[PlyCount "82"]
[EventDate "1998.10.17"]
[EventType "team-tourn"]
[EventRounds "15"]
[EventCountry "GER"]
[SourceTitle "GER-chT"]
[Source "ChessBase"]
[SourceDate "1999.07.01"]
[SourceVersion "1"]
[SourceVersionDate "1999.07.01"]
[SourceQuality "1"]
[WhiteTeam "Duisburg"]
[BlackTeam "Magdeburg USC"]
[WhiteTeamCountry "GER"]
[BlackTeamCountry "GER"]

1. e4 c5 2. Nf3 d6 3. Bb5+ Bd7 4. Bxd7+ Qxd7 5. c4 Nc6 6. Nc3 g6 7. d4 cxd4 8. Nxd4 Bg7 9. Be3 Nf6 10. f3 0-0 11. 0-0 Rfd8 12. Qd2 e6 13. Rfd1 d5 14. exd5 exd5 15. c5 Ne5 16. b3 b6 17. cxb6 axb6 18. Rac1 Rac8 19. Ndb5 Rc6 20. a4 Qb7 21. Nd4 Rcc8 22. Ncb5 Rc5 23. Ne2 Rc6 24. Rxc6 Nxc6 25. Ned4 Na5 26. Rc1 Ne8 27. Bg5 Rc8 28. Re1 Bf8 29. Bh6 Bxh6 30. Qxh6 Qd7 31. Qe3 Nd6 32. Qe7 Qxe7 33. Rxe7 Nxb5 34. axb5 Rc1+ 35. Kf2 Rd1 36. Nc6 Nxb3 37. Rb7 d4 38. Rxb6 Rd2+ 39. Kf1 Rd1+ 40. Kf2 Rd2+ 41. Kf1 Rd1+ 1/2-1/2

[Event "Bundesliga 9899"]
[Site "Germany"]
[Date "1999.01.09"]
[Round "7.5"]
[White "Stangl, Markus"]
[Black "Kraut, Rainer"]
[Result "1/2-1/2"]
[WhiteElo "2545"]
[BlackElo "2460"]
[PlyCount "82"]
[EventDate "1998.10.17"]
[EventType "team-tourn"]
[EventRounds "15"]
[EventCountry "GER"]
[SourceTitle "GER-chT"]
[Source "ChessBase"]
[SourceDate "1999.07.01"]
[SourceVersion "1"]
[SourceVersionDate "1999.07.01"]
[SourceQuality "1"]
[WhiteTeam "Koeln Porz"]
[BlackTeam "Duisburg"]
[WhiteTeamCountry "GER"]
[BlackTeamCountry "GER"]

1. Nf3 d5 2. c4 dxc4 3. Na3 c5 4. Nxc4 Nc6 5. g3 f6 6. Bg2 e5 7. 0-0 Be6 8. d3 Nge7 9. Nfd2 Nd5 10. Ne4 Be7 11. Ne3 0-0 12. Nc3 Nxe3 13. Bxe3 Qd7 14. Qa4 Rac8 15. Rac1 Rfd8 16. b3 b6 17. Nb5 Bf8 18. Rfe1 Kh8 19. h4 Bd5 20. Bxd5 Qxd5 21. a3 Qd7 22. Bd2 a6 23. Nc3 b5 24. Qe4 Nd4 25. Rb1 Qf7 26. a4 b4 27. Nd1 Nxb3 28. Be3 c4 29. dxc4 Rxc4 30. Qf3 Nd4 31. Bxd4 Rcxd4 32. Ne3 a5 33. Rec1 Qd7 34. Qc6 Qxc6 35. Rxc6 Rd2 36. Ra6 Bc5 37. Kf1 Bxe3 38. fxe3 R2d5 39. Rc1 h5 40. Rc7 Rd1+ 41. Kf2 R1d7 1/2-1/2

[Event "Bundesliga 9899"]
[Site "Germany"]
[Date "1998.12.13"]
[Round "6.5"]
[White "Klebel, Martin"]
[Black "Kraut, Rainer"]
[Result "0-1"]
[WhiteElo "2410"]
[BlackElo "2470"]
[PlyCount "57"]
[EventDate "1998.10.17"]
[EventType "team-tourn"]
[EventRounds "15"]
[EventCountry "GER"]
[SourceTitle "GER-chT"]
[Source "ChessBase"]
[SourceDate "1999.07.01"]
[SourceVersion "1"]
[SourceVersionDate "1999.07.01"]
[SourceQuality "1"]
[WhiteTeam "Passau"]
[BlackTeam "Duisburg"]
[WhiteTeamCountry "GER"]
[BlackTeamCountry "GER"]

1. d4 d5 2. c4 dxc4 3. Nf3 Nf6 4. e3 Bg4 5. Bxc4 e6 6. h3 Bh5 7. Nc3 a6 8. g4 Bg6 9. Ne5 Nbd7 10. Nxg6 hxg6 11. Bf1 c6 12. Bg2 Qc7 13. 0-0 0-0-0 14. Rb1 e5 15. b4 Nb6 16. b5 axb5 17. Nxb5 cxb5 18. Rxb5 e4 19. Qb3 Nxg4 20. Rd1 Rxh3 21. Kf1 Rh2 22. Bd2 Nc4 23. Bxe4 Rxf2+ 24. Ke1 Rxd2 25. Bxb7+ Kd7 26. Rd5+ Ke6 27. Re5+ Ngxe5 28. Rxd2 Qa5 29. d5+ 0-1

[Event "Bundesliga 9899"]
[Site "Germany"]
[Date "1998.11.22"]
[Round "4.5"]
[White "Meins, Gerlef"]
[Black "Kraut, Rainer"]
[Result "1/2-1/2"]
[WhiteElo "2450"]
[BlackElo "2470"]
[PlyCount "25"]
[EventDate "1998.10.17"]
[EventType "team-tourn"]
[EventRounds "15"]
[EventCountry "GER"]
[SourceTitle "GER-chT"]
[Source "ChessBase"]
[SourceDate "1999.07.01"]
[SourceVersion "1"]
[SourceVersionDate "1999.07.01"]
[SourceQuality "1"]
[WhiteTeam "Werder Bremen"]
[BlackTeam "Duisburg"]
[WhiteTeamCountry "GER"]
[BlackTeamCountry "GER"]

1. d4 d5 2. c4 dxc4 3. Nf3 Nf6 4. e3 Bg4 5. Bxc4 e6 6. h3 Bh5 7. Nc3 a6 8. 0-0 Nc6 9. a3 Bd6 10. b4 0-0 11. Bb2 Qe7 12. Be2 Rfd8 13. Nd2 1/2-1/2

[Event "Bundesliga 9899"]
[Site "Germany"]
[Date "1998.10.17"]
[Round "1.5"]
[White "Ellers, Holger"]
[Black "Kraut, Rainer"]
[Result "1/2-1/2"]
[WhiteElo "2450"]
[BlackElo "2470"]
[PlyCount "44"]
[EventDate "1998.10.17"]
[EventType "team-tourn"]
[EventRounds "15"]
[EventCountry "GER"]
[SourceTitle "GER-chT"]
[Source "ChessBase"]
[SourceDate "1999.07.01"]
[SourceVersion "1"]
[SourceVersionDate "1999.07.01"]
[SourceQuality "1"]
[WhiteTeam "Bochum"]
[BlackTeam "Duisburg"]
[WhiteTeamCountry "GER"]
[BlackTeamCountry "GER"]

1. d4 d5 2. c4 dxc4 3. Nf3 Nf6 4. e3 Bg4 5. Bxc4 e6 6. 0-0 a6 7. h3 Bh5 8. Nc3 Nc6 9. Be2 Bd6 10. b3 0-0 11. Bb2 Qe7 12. Nd2 Bxe2 13. Qxe2 Ba3 14. Bxa3 Qxa3 15. Nc4 Qe7 16. Rac1 Rfd8 17. Qf3 Nd5 18. Qg3 Nxc3 19. Rxc3 Nb4 20. Na5 c6 21. a3 Nd5 22. Rcc1 Nb6 1/2-1/2

[Event "Bundesliga 9798"]
[Site "Germany"]
[Date "1998.01.31"]
[Round "8.3"]
[White "Bauer, Christian"]
[Black "Kraut, Rainer"]
[Result "1/2-1/2"]
[WhiteElo "2525"]
[BlackElo "2470"]
[PlyCount "166"]
[EventDate "1997.10.18"]
[EventType "team-tourn"]
[EventRounds "15"]
[EventCountry "GER"]
[SourceTitle "GER-chT"]
[Source "ChessBase"]
[SourceDate "1999.07.01"]
[SourceVersion "1"]
[SourceVersionDate "1999.07.01"]
[SourceQuality "1"]
[WhiteTeam "St Ingbert"]
[BlackTeam "Duisburg"]
[WhiteTeamCountry "GER"]
[BlackTeamCountry "GER"]

1. e4 c5 2. Nf3 d6 3. d4 cxd4 4. Nxd4 Nf6 5. Nc3 Nc6 6. Bg5 e6 7. Qd2 a6 8. 0-0-0 Bd7 9. f4 b5 10. Nf3 b4 11. Nd5 exd5 12. exd5 Ne7 13. Bxf6 gxf6 14. Qxb4 Qc7 15. Bd3 Bg7 16. Rhe1 f5 17. c3 Bf6 18. g4 Rb8 19. Qa3 fxg4 20. Ng5 Bxg5 21. fxg5 Kf8 22. Rd2 Ng6 23. Rf2 Bb5 24. c4 Bxc4 25. Rc2 Qd8 26. Bxc4 Qxg5+ 27. Kb1 Rd8 28. Qxa6 Ne5 29. Bb3 Kg7 30. Qb6 h5 31. Qd4 h4 32. Rce2 Rc8 33. a3 Rhe8 34. Ka2 Rb8 35. Bc2 Kh6 36. Rf1 Nf3 37. Qd3 Qg7 38. Ba4 Rxe2 39. Qxe2 Qd4 40. Bb3 Rxb3 41. Kxb3 Nd2+ 42. Kc2 Nxf1 43. Qxf1 Qe4+ 44. Kc3 f5 45. b4 Kg5 46. b5 g3 47. hxg3 hxg3 48. b6 Qxd5 49. Qc4 Qf3+ 50. Qd3 Qxd3+ 51. Kxd3 g2 52. b7 g1Q 53. b8Q Qg3+ 54. Ke2 Qxa3 55. Qg8+ Kf4 56. Qc4+ Ke5 57. Qg8 Qb2+ 58. Kd3 Qd4+ 59. Kc2 Kf4 60. Qg6 Qf2+ 61. Kc1 Qc5+ 62. Kd2 Qd4+ 63. Ke2 Qe3+ 64. Kd1 Qe5 65. Kd2 Ke4 66. Qg2+ Kd4 67. Qg1+ Kc4 68. Qf1+ Kc5 69. Qc1+ Kd5 70. Qh1+ Qe4 71. Qh7 f4 72. Qb7+ Kd4 73. Qa7+ Kc4 74. Qc7+ Kb5 75. Qxd6 Qe3+ 76. Kd1 Kc4 77. Qc6+ Kd4 78. Qd6+ Ke4 79. Qe6+ Kf3 80. Qh3+ Kf2 81. Qh2+ Kf1 82. Qh1+ Qg1 83. Qf3+ Qf2 1/2-1/2

[Event "Bundesliga 9798"]
[Site "Germany"]
[Date "1998.01.11"]
[Round "7.3"]
[White "Sokolov, Ivan"]
[Black "Kraut, Rainer"]
[Result "1/2-1/2"]
[WhiteElo "2635"]
[BlackElo "2470"]
[PlyCount "78"]
[EventDate "1997.10.18"]
[EventType "team-tourn"]
[EventRounds "15"]
[EventCountry "GER"]
[SourceTitle "GER-chT"]
[Source "ChessBase"]
[SourceDate "1999.07.01"]
[SourceVersion "1"]
[SourceVersionDate "1999.07.01"]
[SourceQuality "1"]
[WhiteTeam "Koeln Porz"]
[BlackTeam "Duisburg"]
[WhiteTeamCountry "GER"]
[BlackTeamCountry "GER"]

1. d4 d5 2. c4 dxc4 3. e3 Nf6 4. Bxc4 e6 5. Nf3 c5 6. 0-0 a6 7. e4 b5 8. Bd3 Bb7 9. dxc5 Bxe4 10. Bxe4 Qxd1 11. Rxd1 Nxe4 12. b4 Nc6 13. Re1 Be7 14. a4 f5 15. Nbd2 Nxd2 16. Bxd2 Kf7 17. Bg5 Bf6 18. Ra3 Nxb4 19. Bxf6 Kxf6 20. Rb3 Nd5 21. axb5 axb5 22. Rxb5 Rhb8 23. Rxb8 Rxb8 24. Ne5 Rb2 25. g3 g5 26. Nc6 Nc3 27. Nd4 e5 28. c6 exd4 29. c7 Rc2 30. Re6+ Kf7 31. c8Q Ne2+ 32. Rxe2 Rxc8 33. Re5 Rd8 34. Rxf5+ Ke6 35. Ra5 d3 36. Ra1 Ke5 37. Kf1 Ke4 38. Re1+ Kf5 39. f3 Rc8 1/2-1/2

[Event "Bundesliga 9798"]
[Site "Germany"]
[Date "1997.12.06"]
[Round "5.3"]
[White "Kraut, Rainer"]
[Black "Conquest, Stuart"]
[Result "1/2-1/2"]
[WhiteElo "2470"]
[BlackElo "2500"]
[PlyCount "126"]
[EventDate "1997.10.18"]
[EventType "team-tourn"]
[EventRounds "15"]
[EventCountry "GER"]
[SourceTitle "GER-chT"]
[Source "ChessBase"]
[SourceDate "1999.07.01"]
[SourceVersion "1"]
[SourceVersionDate "1999.07.01"]
[SourceQuality "1"]
[WhiteTeam "Duisburg"]
[BlackTeam "Castrop Rauxel"]
[WhiteTeamCountry "GER"]
[BlackTeamCountry "GER"]

1. e4 e5 2. Nf3 Nc6 3. Bb5 Nge7 4. Nc3 d6 5. d4 Bd7 6. dxe5 dxe5 7. Bc4 h6 8. Be3 Ng6 9. Qd5 Be6 10. Qxd8+ Rxd8 11. Bxe6 fxe6 12. 0-0 Bb4 13. Ne2 Rf8 14. Rfd1 Nf4 15. Kf1 g5 16. Rxd8+ Kxd8 17. Rd1+ Kc8 18. h4 g4 19. Nh2 h5 20. c3 Be7 21. g3 Ng6 22. Kg2 Rg8 23. Ng1 Na5 24. b3 b6 25. Nf1 Nb7 26. f3 gxf3+ 27. Kxf3 Nd6 28. Nd2 Nb5 29. Ne2 Rf8+ 30. Kg2 Rd8 31. Rc1 Bc5 32. Bg5 Rd3 33. a4 Nd6 34. b4 Be3 35. Bxe3 Rxe3 36. Kf2 Rd3 37. Rc2 Rxd2 38. Rxd2 Nxe4+ 39. Ke3 Nxd2 40. Kxd2 Kd7 41. Kd3 Ne7 42. Ke4 Kd6 43. c4 Nc6 44. b5 Na5 45. Kd3 Nb7 46. Nc3 Nc5+ 47. Ke3 Ke7 48. Kf3 Kf7 49. g4 hxg4+ 50. Kxg4 Nd3 51. Ne4 Nb2 52. Ng5+ Kf6 53. Ne4+ Ke7 54. h5 Nxc4 55. h6 Kf7 56. Ng5+ Kg6 57. h7 Kg7 58. Nxe6+ Kxh7 59. Kf5 Kg8 60. Nxc7 Kf7 61. Nd5 Ke8 62. Ke6 e4 63. Nf6+ Kd8 1/2-1/2

[Event "Bundesliga 9798"]
[Site "Germany"]
[Date "1997.10.18"]
[Round "1.3"]
[White "Kraut, Rainer"]
[Black "Kuczynski, Robert"]
[Result "1/2-1/2"]
[WhiteElo "2470"]
[BlackElo "2495"]
[PlyCount "58"]
[EventDate "1997.10.18"]
[EventType "team-tourn"]
[EventRounds "15"]
[EventCountry "GER"]
[SourceTitle "GER-chT"]
[Source "ChessBase"]
[SourceDate "1999.07.01"]
[SourceVersion "1"]
[SourceVersionDate "1999.07.01"]
[SourceQuality "1"]
[WhiteTeam "Duisburg"]
[BlackTeam "Erfurt"]
[WhiteTeamCountry "GER"]
[BlackTeamCountry "GER"]

1. e4 c5 2. Nf3 d6 3. Bb5+ Bd7 4. Bxd7+ Qxd7 5. c4 Nc6 6. Nc3 g6 7. d4 cxd4 8. Nxd4 Bg7 9. Be3 Nf6 10. f3 0-0 11. 0-0 a6 12. Rc1 Rab8 13. Qd2 Rfc8 14. b3 Nxd4 15. Bxd4 b5 16. Nd5 bxc4 17. Nb6 Nxe4 18. fxe4 Bxd4+ 19. Qxd4 Qa7 20. Rxf7 Kxf7 21. Qf2+ Ke6 22. Nxc8 Qxf2+ 23. Kxf2 Rxc8 24. Rxc4 Rxc4 25. bxc4 Kd7 26. Ke3 Kc6 27. Kd4 e5+ 28. Kc3 Kc5 29. a3 a5 1/2-1/2

[Event "Bundesliga 9596"]
[Site "Germany"]
[Date "1996.??.??"]
[Round "?.3"]
[White "Beckemeier, Werner"]
[Black "Kraut, Rainer"]
[Result "1/2-1/2"]
[WhiteElo "2375"]
[BlackElo "2445"]
[PlyCount "68"]
[EventDate "1995.10.14"]
[EventType "team-tourn"]
[EventRounds "15"]
[EventCountry "GER"]
[SourceTitle "GER-chT"]
[Source "ChessBase"]
[SourceDate "1999.07.01"]
[SourceVersion "1"]
[SourceVersionDate "1999.07.01"]
[SourceQuality "1"]
[WhiteTeam "Delmenhorst"]
[BlackTeam "Tuebingen"]
[WhiteTeamCountry "GER"]
[BlackTeamCountry "GER"]

1. e4 c5 2. Nf3 d6 3. d4 cxd4 4. Nxd4 Nf6 5. Nc3 Nc6 6. Be2 e5 7. Nf3 h6 8. 0-0 Be7 9. Re1 Be6 10. Bf1 Bg4 11. h3 Bh5 12. Be2 Bg6 13. Bc4 0-0 14. Nh2 Nd4 15. Bd3 Bh5 16. Ng4 Kh8 17. Be3 Qc8 18. f3 Nh7 19. Bf2 f5 20. exf5 Nxf5 21. Be4 Be8 22. Qd3 Ng5 23. Bd5 Bd8 24. Qc4 Qxc4 25. Bxc4 Ba5 26. Red1 Bxc3 27. bxc3 b6 28. Ne3 Rd8 29. a4 Rc8 30. Bb3 Nxe3 31. Bxe3 Rxc3 32. Bxg5 hxg5 33. Rxd6 Bf7 34. Bxf7 Rxf7 1/2-1/2

[Event "Bundesliga 9596"]
[Site "Germany"]
[Date "1996.??.??"]
[Round "?.3"]
[White "Kraut, Rainer"]
[Black "Knaak, Rainer"]
[Result "1-0"]
[WhiteElo "2445"]
[BlackElo "2540"]
[PlyCount "83"]
[EventDate "1995.10.14"]
[EventType "team-tourn"]
[EventRounds "15"]
[EventCountry "GER"]
[SourceTitle "GER-chT"]
[Source "ChessBase"]
[SourceDate "1999.07.01"]
[SourceVersion "1"]
[SourceVersionDate "1999.07.01"]
[SourceQuality "1"]
[WhiteTeam "Tuebingen"]
[BlackTeam "Werder Bremen"]
[WhiteTeamCountry "GER"]
[BlackTeamCountry "GER"]

1. e4 e6 2. d4 d5 3. Nc3 Nf6 4. Bg5 dxe4 5. Nxe4 Be7 6. Bxf6 gxf6 7. Nf3 b6 8. Bc4 Bb7 9. Qe2 c6 10. 0-0-0 Qc7 11. Rhe1 Nd7 12. Kb1 0-0-0 13. Ba6 Bxa6 14. Qxa6+ Kb8 15. Qe2 Rdg8 16. g3 f5 17. Ned2 h5 18. Nc4 h4 19. Nfe5 Nxe5 20. Nxe5 Bf6 21. Qf3 Bxe5 22. dxe5 hxg3 23. hxg3 Rd8 24. Qf4 Rxd1+ 25. Rxd1 Rd8 26. Rxd8+ Qxd8 27. b3 Kb7 28. Kb2 a5 29. g4 Qd7 30. gxf5 exf5 31. Qh4 b5 32. a3 c5 33. Qh1+ Kb6 34. Qh6+ Kb7 35. Qh1+ Ka7 36. Qe1 Kb6 37. Kb1 b4 38. a4 Kc6 39. Qe2 Kd5 40. f4 Ke6 41. Qa6+ Ke7 42. Qxa5 1-0